Statistics for Capitals in Asia Quiz

Click here to take the quiz!

General Stats

  • This quiz has been taken 41 times
  • The average score is 37 of 48

Answer Stats

Country Capital % Correct
AfghanistanKabul
100%
BangladeshDhaka
93%
ChinaBeijing
90%
South KoreaSeoul
90%
IsraelJerusalem
90%
IranTehran
90%
IndonesiaJakarta
90%
IndiaNew Delhi
90%
SingaporeSingapore
90%
RussiaMoscow
86%
PhilippinesManila
86%
SyriaDamascus
86%
IraqBaghdad
86%
TurkeyAnkara
86%
JapanTokyo
86%
PakistanIslamabad
86%
North KoreaPyongyang
86%
MalaysiaKuala Lumpur
83%
ThailandBangkok
83%
NepalKathmandu
83%
Vietnam/Viet NamHanoi
83%
MongoliaUlaanbaatar
83%
LebanonBeirut
83%
JordanAmman
83%
KuwaitKuwait City
83%
Saudi ArabiaRiyadh
79%
CambodiaPhnom Penh
79%
AzerbaijanBaku
79%
United Arab EmiratesAbu Dhabi
79%
Timor Leste/East TimorDili
79%
CyprusNicosia
79%
ArmeniaYerevan
79%
UzbekistanTashkent
76%
OmanMuscat
76%
GeorgiaT'bilisi
76%
BahrainManama
72%
YemenSana'a
72%
MaldivesMale
72%
KazakhstanAstana
69%
QatarDoha
66%
BhutanThimphu
62%
TurkmenistanAshgabat
62%
KyrgyzstanBishkek
62%
LaosVientiane
62%
TajikistanDushanbe
59%
BruneiBandar Seri Begawan
48%
Myanmar/BurmaNay Pyi Taw
24%
Sri LankaSri Jayawardenapura Kotte
14%

Score Distribution

Percentile by Number Answered

Percent of People with Each Score

Your Score History

You have not taken this quiz